| 000 | 00486nam a2200181 i 4500 | ||
|---|---|---|---|
| 001 | bg | ||
| 100 | 1 | _aDEMJANOV, Vladimir Fedorovic | |
| 245 | 0 |
_aWstęp do metod minimaksymalizacji / _cV.F. Demjanov, V.N. Malozemov. |
|
| 260 |
_aWarszawa, _c1975. |
||
| 700 | 1 | _aMALOZEMOV, Vasilij Nikolaevic | |
| 700 | 1 | _aDiemianow, W. F. | |
| 700 | 1 |
_aMałoziemow, W. _bN. |
|
| 040 | _cBPK | ||
| 041 | _apol | ||
| 080 | _a517:65.01 | ||
| 942 | _cKS | ||
| 008 | s pl f |000 0 pol | ||
| 999 |
_c16729 _d16729 |
||
| 856 |
_uhttp://koha.tu.koszalin.pl/cgi-bin/koha/opac-detail.pl?biblionumber=16729 _yKatalog online BPK |
||